000 01075cam a2200313 i 4500
001 64438
003 Mx-PuUPA
005 20241120110435.0
008 160312s2022 miua fr 000 j eng d
020 _a9781711494906
040 _aMx-PuUPA
_cMx-PuUPA
_bspa
_dMx-PuUPA
_erda
041 0 _aeng
100 1 _aRucker, Derek D.,
_d1977-
_eautor
_916462
245 1 0 _aAdvertising strategy :
_ba strategist's guidebook /
_cDerek D. Rucker
250 _a6th edition
264 1 _aLivonia, MI :
_bXanEdu,
_c©2022
300 _a298 páginas :
_bilustraciones (en blanco y negro) ;
_c25 cm
336 _atexto
_btxt
_2rdacontent
337 _2rdamedia
_asin medio
_bn
338 _2rdacarrier
_avolumen
_bnc
650 7 _2armarc
_aPublicidad
_xAdministración
650 7 _2armarc
_aPlanificación estrategica
650 7 _2armarc
_aPublicidad
650 7 _2armarc
_aMercadeo
942 _2ddc
_cLI
_h659.1068
_iR88
999 _c64438
_d64438